000 00465cam a2200145 4500500
005 20260201143105.0
041 _afre
042 _adc
100 1 0 _aFonkoua, Romuald
_eauthor
245 0 0 _aCésaire – Obama : Retours sur la culture
260 _c2008.
500 _a63
786 0 _nPrésence Africaine | 178 | 2 | 2008-08-01 | p. 5-7 | 0032-7638
856 4 1 _uhttps://shs.cairn.info/revue-presence-africaine-2008-2-page-5?lang=fr&redirect-ssocas=7080
999 _c1642855
_d1642855